Quizzes
Events
Quiz Creation
Community
Videos
Private Events
Remove Ads
Sign In
Join for FREE
Feedback
Dark Mode
Quiz Categories
Sports
Geography
Music
Movies
Television
Just For Fun
Miscellaneous
History
Literature
Language
Science
Gaming
Entertainment
Religion
Holiday
For Kids
Quiz Lab
Recent
Popular Today
Quiz Kudos Today
Editor Picks
Curator Picks
Quizzes by...
Day
Popularity
Type
Ratings
Length
Year
Community
Subscriptions
Recent Discussions
Orange Saloon
Badges
Playlists
Quests
Create
Leaderboards
Showdown
Live 5
Trivia Bingo
Activity
Puzzle Library
Sporcle Events
Private Events
Virtual Trivia
Globe League
Become a Host
Pub Owners
SporcleCon
Opinionation
Our Games
Videos
Blog
Mobile Apps
Partnerships
Remove Ads and Go Orange
Feedback
Science
Computer
Plants
Astronomy
Chemistry
Elements
Math
Animal
Physics
Anatomy
Biology
Geology
General Science
Science
Computer
Plants
Astronomy
Chemistry
Elements
Math
Animal
Physics
Anatomy
Biology
Geology
General Science
Random Quiz
Search Sporcle
×
Quiz Lab
Quiz Lab
Science
Plants
Type in answers that appear in a list
Type in answers that appear in a list
Classic
Best Score? Go Orange.
Binomial Nomenclature of Plants Stats
Can you name the Common UK Plant Binomials?
By
OdinsSpirit
6m
22 Questions
41 Plays
41 Plays
41 Plays
Comments
Comments
Give Quiz Kudos
Give Quiz Kudos
-
- Ratings
hide this ad
Random Order
Randomize order of answers
Randomize order of answers
Replay
Link that replays current quiz
Next Quiz
Link to next quiz in quiz playlist
You Got
0%
They Got
Avg Score
53%
Avg Friend Score
Upgrade to see
Score Distribution
Jump to the score distribution portion of the page
Score
0/22
Timer
06:00
0
Plays Today
Common Name
Binomial
% Correct
Herb Robert
Geranium robertianum
80.5%
Lesser Celadine
Ranunculus ficaria
73.2%
White Dead-
nettle
Lamium album
65.9%
Red Campion
Silene dioica
63.4%
Ground Ivy
Glechoma hederacea
61%
Bush Vetch
Vicia sepium
61%
Greater Stitchwort
Stellaria holostea
58.5%
Germander Speedwell
Veronica chamaedrys
58.5%
Three-
cornered Leek
Allium triquetrum
56.1%
Dog's Mercury
Mercurialis perrenis
56.1%
Cow Parsley
Anthriscus sylvestris
56.1%
Common Name
Binomial
% Correct
Lesser Stitchwort
Stellaria graminea
53.7%
Ramsons
Allium ursinum
53.7%
Ivy leaved Speedwell
Veronica hederifolia
51.2%
Common Dog-
violet
Viola riviniana
48.8%
Shining Crane's Bill
Geranium lucidum
46.3%
Common Vetch
Vicia sativa
46.3%
Red Dead-
nettle
Lamium purpureum
41.5%
Goat's-
beard
Tragopogon pratensis
41.5%
Alexanders
Smyrinum olusatrum
36.6%
Spring Vetch
Vicia lathyroides
31.7%
Garlic Mustard
Alliaria petiolata
29.3%
Quiz Playlist
Details
Report
Send in Message
Add To Playlist
Classic:
Type in answers that appear in a list
Random Order:
Randomize order of answers
Last Updated: Feb 16, 2017
Quiz Scoreboard
CHALLENGE
Sign Up to Join the Scoreboard
Show All
Scores
Hide
Comments
May contain spoilers
Recently Published
Alphabetical 'K' Countries by Flag Minefield
by ylime102
Geography
3m
Pick 6: Fruits
by JohnFran
Miscellaneous
15s
Click the 1999 NBA Draft
by nibperrychub
Sports
2m
More to Explore
Quiz From the Vault
Featured Blog Post
15 Basketball Trivia Facts You Can Be March Mad About
hide this ad
You Might Also Like...
Tags
Latin Quiz
Plants Quiz
binomial
nomenclature
Today's Top Quizzes in Science
Browse Science
hide this ad
Today's Top Quizzes in Plants
Browse Plants
Top Contributed Quizzes in Science
1
Pick 6: Animals
2
Group Clicking: Animals II
3
Find the Spring Animals
4
The First 100 Digits of Pi
5
Square Numbers Scrambled (1-50)
6
Flowers by Accent Chairs
7
Why is the sky blue? And other physics questions.
8
Needlepoint Flowers
9
Needlepoint Flowers II
10
Cubes 1-10
Explore More
Trending Topics
NBA
Disney
Kpop
Anime
Crossword
Marvel
Harry Potter
Pokémon
Puzzle
NFL
WWE
Song
The Office
Country
Soccer
hide this ad
More By:
OdinsSpirit
Quiz
Plays
Rating
Category
Featured
Created
Binomial Nomenclature of Plants
41
5.00
Science
Oct 29, 2011
Binomial Nomenclature of Plants II
19
5.00
Science
Oct 29, 2011
UK Plants by Picture
4
5.00
Science
Nov 6, 2013
Go to Creator's Profile
Score Distribution
Quiz Creator Spotlight
OdinsSpirit
Follow
Send a Message
Quizzes Created
-
Created Quiz Play Count
-
More By This Creator
Popular Quizzes Today
1
Countries of Asia Without Outlines Minefield
2
Find the US States - No Outlines Minefield
3
Pick 6: Fruits
4
Alphabetical 'K' Countries by Flag Minefield
5
The Countries of the World
6
Find the US States
7
US States
8
Find the Countries of Europe - No Outlines Minefield
More Science Quizzes
Coca-Cola Secret Formula Ingredients
Published
Trending Quizzes
Pick 6: Mountains
Pick 6: Harry Potter
Pick 6: Flags
Pick 6: NFL Teams
Pick 6: Movie Franchises
Recently Updated
NWSL Teams
pecheneg
Women's Final Four Teams by Year
bhenderson79
Presidents Quartet II
eogle
Anything But Clue(do)
eogle
Anything But Oceanian Capitals
eogle
Anything But 7
eogle
Anything But Thing
eogle
Word Ladder: February 29
pecheneg
Song Title Questions
pecheneg
Women's NCAA Tournament #1 Seeds
pecheneg
Trending Topics
Anime
Kpop
Harry Potter
Marvel
Disney
Crossword
NBA
WWE
Puzzle
The Office
Song
NFL
Soccer
Pokémon
Country
Your Account Isn't Verified!
In order to create a playlist on Sporcle, you need to verify the email address you used during registration. Go to your
Sporcle Settings
to finish the process.
Report this User
Report this user for behavior that violates our
Community Guidelines
.
Details:
Send Report
Go to the Sporcle.com Mobile Site →
Comments